| 000 | 02285cam a22003134a 4500 | ||
|---|---|---|---|
| 001 | 15504377 | ||
| 005 | 20090821151734.0 | ||
| 008 | 081028s2009 enka |rbf 001 0 eng | ||
| 010 | _a 2008047437 | ||
| 016 | 7 |
_a101487802 _2DNLM |
|
| 020 | _a9781405101110 (pbk. : alk. paper) | ||
| 035 | _a(OCoLC)ocn265658252 | ||
| 040 |
_aDNLM/DLC _cDLC _dBTCTA _dBAKER _dYDXCP _dNLM _dBWKUK _dCDX _dDLC |
||
| 042 | _apcc | ||
| 050 | 0 | 0 |
_aRC660 _b.D785 2009 |
| 082 | 0 | 0 |
_a616.4620231 _222 _bDUN |
| 100 | 1 |
_aDunning, Trisha. _912149 |
|
| 245 | 1 | 0 |
_aCare of People with Diabetes : _bA Manual of Nursing Practice / _cTrisha Dunning. |
| 250 | _a3rd ed. | ||
| 260 |
_aChichester, U.K. ; _aAmes, Iowa : _bWiley-Blackwell Pub., 2009 _c2009. |
||
| 300 |
_axxvi, 530 p. : _bill. ; _c25 cm. |
||
| 504 | _aIncludes bibliographical references (p. [514]-516) and index. | ||
| 505 | 0 | _aDiagnosing and classifying diabetes -- Assessment and nursing diagnosis -- Monitoring diabetes mellitus -- Nutritional aspects of caring for people with diabetes -- Medication commonly used in diabetes management -- Hypoglycaemia -- Hyperglycaemia, diabetic ketoacidosis (DKA), hyperosmolar coma and lactic acidosis -- Long term complications of diabetes -- Management during surgical and investigative procedures -- Special situations and unusual conditions related to diabetes -- Diabetes and sexual health -- Diabetes in the older person -- Diabetes in children and adolescents -- Women, pregnancy, and gestational diabetes -- Psychological and quality of life issues related to having diabetes -- Diabetes education -- Discharge planning -- Community and primary care nursing and home-based care -- Complementary therapies and diabetes -- Managing diabetes in the emergency situations. | |
| 650 | 0 |
_aDiabetes _xNursing _vHandbooks, manuals, etc. _912150 |
|
| 650 | 1 | 2 |
_aDiabetes Mellitus _xnursing _vHandbooks. _912151 |
| 942 |
_2ddc _cNRB |
||
| 999 |
_c13564 _d13564 |
||